00968nam a22003017a 45000010011000000030009000110050017000200080034000370200016000710400022000870820022001090920009001311000030001402450041001702600033002113000025002444900022002695000026002915000053003175900025003706500040003956500031004359100014004669420012004809450026004929520131005189990017006490000023231DO-SdBNP20251106090338.0160523b 1976 xxu||00| 0 spa d a0440979757  aBPMSUbspacBPMSU a813.5bO'999s222 a b 1 aO'Dell, Scottd1898-1989.10aSing down the moon /bScott O'Dell. aNew York :bDell Pub, c1976 a121 p. ; b18 cm. 0 aLaurel-leaf books aNewbery Honor Book,  aReprinted by arrangement with Houghton, Mifflin. 6Invetariado, 2021/VM 4aCuentos infantiles estadounidenses. 4aIndios Navajo xFicción. aVMateo V. 2ddccBK aInventariado, 2021/VM 00102ddc40708CI-GaBPMETbBPMETd2016-05-23eFUNDIoBPMSU CIG 813.5 O23s 19976pBPMSU16050419r2016-05-23w2016-05-23yBK c10193d10193